Evaluación del equipo DOC-700 en el ensayo no destructivo impacto eco aplicado al análisis del estado del relleno de ductos de inyección en vigas preesforzadas utilizadas en puentes

Guardat en:
Dades bibliogràfiques
Autor principal: Soto Navarro, Kevin
Format: Llibre
Idioma:Spanish
Publicat: [San José ], Costa Rica 2017
Matèries:
Etiquetes: Afegir etiqueta
Sense etiquetes, Sigues el primer a etiquetar aquest registre!

MARC

LEADER 00000nam a22000007a 4500
003 012795
005 20221231144245.0
008 171108b2017 cr a|||| |||| 00| ||spa d
040 |c cru CEDI 
090 |a TFG 7946 
100 |9 10269  |a Soto Navarro, Kevin 
245 |a Evaluación del equipo DOC-700 en el ensayo no destructivo impacto eco aplicado al análisis del estado del relleno de ductos de inyección en vigas preesforzadas utilizadas en puentes 
260 |a [San José ], Costa Rica  |c 2017 
300 |a xxii, 113, [22] jojas ; ilustraciones a color  
500 |a Proyecto de graduación (licenciatura en ingeniería civil)--Universidad de Costa Rica. Facultad de Ingeniería. Escuela de Ingeniería Civil 
650 |x EVALUACION DEL IMPACTO AMBIENTAL  |x LOSAS DE HORMIGON - PRUEBAS   |x ENSAYOS NO DESTRUCTIVOS - METODOS  |x ANALISIS ESTRUCTURAL (INGENIERIA)  |x PUENTES  |x VIGAS - EVALUACION  |x HORMIGON ARMADO  |9 10270 
942 |c TFG 
999 |c 19183  |d 19183